Top 50 International Rugby Teams January 2026 - Statistics

General Stats
  • This quiz has been taken 86 times
  • The average score is 34 of 50
Answer Stats
Hint Answer % Correct
5. France
99%
4. Ireland
99%
2. New Zealand
99%
6 Argentina
97%
7. Australia
97%
1. South Africa
97%
11. Wales
97%
3. England
96%
10. Italy
96%
9. Scotland
96%
12. Japan
95%
15. Spain
95%
16. USA
93%
25. Canada
92%
8. Fiji
91%
20. Portugal
89%
18. Tonga
86%
32. Russia
82%
13. Georgia
81%
19. Samoa
81%
14. Uruguay
80%
21. Belgium
78%
17. Chile
78%
35. Germany
78%
27. Namibia
78%
26. Netherlands
76%
22. Romania
74%
34. Brazil
72%
38. Mexico
68%
36. Kenya
66%
30. Poland
62%
28 Switzerland
62%
33. Sweden
59%
24. Zimbabwe
58%
23. Hong Kong
55%
41. Colombia
53%
37. South Korea
49%
31. Paraguay
47%
42. Algeria
45%
39. Morocco
42%
29 Czechia
41%
48. Croatia
39%
40. United Arab Emirates
38%
45. Tunisia
30%
43. Madagascar
27%
46. Sri Lanka
24%
50. Uganda
23%
44. Senegal
20%
49. Trinidad & Tobago
18%
47. Cayman Islands
7%
No matching quizzes found
Score Distribution
Percent of People with Each Score
Percentile by Number Answered
Your Score History
You have not taken this quiz